Statistiques concernant Drapeaux de pays contenants du vert

Cliquez ici pour prendre le quiz!

Statistiques générales

  • Ce quiz a été pris 128 fois
  • Le résultat moyen est 69 sur 84

Statistiques - réponses

Réponse% Correct
Brésil
100%
Italie
100%
Algerie
98%
Irlande
98%
Liban
98%
Maroc
98%
Afrique du sud
97%
Arabie Saoudite
97%
Côte d'Ivoire
97%
Bangladesh
96%
Niger
96%
Iran
95%
Jamaïque
95%
Mexique
95%
Inde
94%
Hongrie
93%
Irak
93%
Nigeria
93%
Pakistan
93%
Portugal
93%
Cameroun
92%
Syrie
91%
Biélorussie
90%
Bulgarie
90%
Sénégal
90%
Sri Lanka
89%
Kenya
88%
Mali
88%
Azerbaïdjan
87%
Éthiopie
86%
Mauritanie
86%
Turkménistan
86%
Afghanistan
85%
Madagascar
85%
Ouzbékistan
85%
Seychelles
85%
Zambie
85%
Burkina Faso
83%
Haïti
83%
Soudan
83%
Comores
82%
Oman
82%
République du Congo
82%
Tanzanie
82%
Émirats arabes unis
81%
République Centrafricaine
81%
Birmanie
80%
Jordanie
80%
Tadjikistan
80%
Zimbabwe
80%
Burundi
79%
Gabon
79%
Guinée
79%
Lesotho
79%
Érythrée
78%
Libye
78%
Lituanie
78%
Mozambique
78%
Soudan du sud
78%
Koweït
77%
Togo
77%
Belize
76%
Sierra Leone
75%
Djibouti
74%
Rwanda
74%
Suriname
74%
Ghana
73%
Namibie
73%
Dominique
72%
Guinée équatoriale
72%
Maldives
72%
Malawi
71%
Saint-Vincent-et-les- Grenadines
71%
Grenade
70%
Bénin
69%
Bolivie
68%
Gambie
67%
Saint-Christophe- et-Niévès
67%
Guinée-Bissau
65%
Vanuatu
65%
Île Maurice
64%
Guyana
63%
Salomon
63%
Sao Tomé-et-Principe
62%

Distribution des résultats

Percentile par nombre de réponses

% des personnes avec chaque résultat

Votre développement - résultats

Vous n’avez pas pris ce quiz